[Event "GRE-ch U14 Attiki"]
[Site "Peristeri"]
[Date "2022.06.24"]
[Round "1"]
[White "Zeitounian, Georgios"]
[Black "Kazantzoglou, Stefanos"]
[Result "0-1"]
[WhiteElo "1017"]
[BlackElo "1639"]
[PlyCount "82"]
[EventDate "2022.06.24"]
[EventType "swiss"]
[EventRounds "7"]
[EventCountry "GRE"]
[SourceTitle "EXT 2023"]
[Source "ChessBase"]
[SourceDate "2022.10.05"]
[SourceVersion "1"]
[SourceVersionDate "2022.10.05"]
[SourceQuality "1"]

1. Nf3 d5 2. g3 c5 3. Bg2 Nc6 4. 0-0 e5 5. d3 Be7 6. Nbd2 Be6 7. Re1 Qc7 8. e4 d4 9. h4 0-0-0 10. Nf1 f6 11. N1h2 h5 12. Bd2 Nh6 13. c3 dxc3 14. Bxc3 Nf7 15. Rb1 Bxa2 16. Ra1 Be6 17. Qc2 a5 18. Nd2 b6 19. Nc4 Nd6 20. Nxd6+ Bxd6 21. Nf1 g5 22. hxg5 fxg5 23. Nd2 h4 24. gxh4 gxh4 25. Re3 h3 26. Bh1 h2+ 27. Kf1 Rdg8 28. Rg3 Bh3+ 29. Ke2 Bg4+ 30. Ke1 Nd4 31. Bxd4 exd4 32. Rg2 Bh3 33. Rxg8+ Rxg8 34. Rb1 Bg2 35. Qc4 Rg6 36. Ke2 Bxh1 37. Nf3 Bxf3+ 38. Kxf3 Rg1 39. Qe6+ Qd7 40. Qxd7+ Kxd7 41. Rxg1 hxg1Q 0-1

[Event "GRE-ch South U12"]
[Site "Athens"]
[Date "2020.09.02"]
[Round "8"]
[White "Zeitounian, Georgios"]
[Black "Agiakatsikas, Konstantinos"]
[Result "0-1"]
[WhiteElo "1017"]
[BlackElo "1004"]
[PlyCount "80"]
[EventDate "2020.08.28"]
[EventType "swiss"]
[EventRounds "9"]
[EventCountry "GRE"]
[SourceTitle "EXT 2023"]
[Source "ChessBase"]
[SourceDate "2022.10.05"]
[SourceVersion "1"]
[SourceVersionDate "2022.10.05"]
[SourceQuality "1"]

1. e4 e5 2. Bc4 Nf6 3. Nf3 Nxe4 4. Nc3 Nxc3 5. dxc3 f6 6. 0-0 g6 7. Nh4 d6 8. f4 f5 9. Nf3 e4 10. Ng5 Qf6 11. Nf7 Rg8 12. Nxd6+ Bxd6 13. Bxg8 Nc6 14. Bb3 Be6 15. Bxe6 Qxe6 16. Be3 0-0-0 17. Qe2 h6 18. b3 Qf6 19. c4 g5 20. Rab1 gxf4 21. Bxf4 Nd4 22. Qf2 Bxf4 23. Kh1 Bg5 24. c3 e3 25. Qb2 Nc6 26. Qc2 f4 27. g3 f3 28. Qe4 Ne5 29. h4 e2 30. Rf2 Rd1+ 31. Kh2 Be3 32. Rxf3 Nxf3+ 33. Kh3 Ng1+ 34. Kg4 Qf3+ 35. Qxf3 Nxf3 36. Kxf3 e1Q 37. Rxd1 Qxd1+ 38. Kxe3 Qe1+ 39. Kf4 Qxc3 40. g4 Qh3 0-1

[Event "GRE-ch South U12"]
[Site "Athens"]
[Date "2020.08.28"]
[Round "1"]
[White "Kazantzoglou, Stefanos"]
[Black "Zeitounian, Georgios"]
[Result "1-0"]
[WhiteElo "1447"]
[BlackElo "1017"]
[PlyCount "113"]
[EventDate "2020.08.28"]
[EventType "swiss"]
[EventRounds "9"]
[EventCountry "GRE"]
[SourceTitle "EXT 2023"]
[Source "ChessBase"]
[SourceDate "2022.10.05"]
[SourceVersion "1"]
[SourceVersionDate "2022.10.05"]
[SourceQuality "1"]

1. c4 Nf6 2. d4 e6 3. Nc3 d5 4. e3 c5 5. Nf3 Nc6 6. cxd5 exd5 7. dxc5 Bxc5 8. Bb5 0-0 9. 0-0 Be6 10. Ne2 Qb6 11. Ba4 Rfd8 12. Bxc6 Qxc6 13. Ned4 Qb6 14. b3 Bg4 15. Bb2 Rac8 16. Qd3 a5 17. Rac1 a4 18. Ba1 axb3 19. Nxb3 Bxf3 20. gxf3 Qa7 21. Nxc5 Rxc5 22. Bd4 b6 23. Bxc5 bxc5 24. Qc3 c4 25. a3 Ra8 26. Rb1 h6 27. Ra1 Qd7 28. Kg2 Qf5 29. Rg1 Qg5+ 30. Kf1 Qh4 31. Ke2 g6 32. a4 Kg7 33. Qe5 c3 34. Rg4 Qh5 35. Qxh5 Nxh5 36. Rd4 Nf6 37. a5 Ra6 38. Kd3 Rc6 39. Kc2 Ra6 40. Kxc3 Ne8 41. Rxd5 Nd6 42. Rxd6 Rxd6 43. a6 Rd8 44. a7 Ra8 45. Kb4 Kf6 46. Kb5 Kg5 47. Ra4 f5 48. Kb6 f4 49. Rxf4 Re8 50. Re4 Rf8 51. Ra4 Rf6+ 52. Kc7 Rf7+ 53. Kd6 Rxf3 54. a8Q Rxf2 55. Qe4 Rd2+ 56. Ke6 Rd6+ 57. Ke5 1-0

[Event "Aspropyrgos op-B 1st"]
[Site "Aspropyrgos"]
[Date "2019.09.14"]
[Round "1"]
[White "Tsironis, Panteleimon"]
[Black "Zeitounian, Georgios"]
[Result "1-0"]
[WhiteElo "1561"]
[BlackElo "1031"]
[PlyCount "71"]
[EventDate "2019.09.14"]
[EventType "swiss"]
[EventRounds "9"]
[EventCountry "GRE"]
[SourceTitle "CBM 195 Extra"]
[Source "ChessBase"]
[SourceDate "2020.05.31"]
[SourceVersion "1"]
[SourceVersionDate "2020.05.31"]
[SourceQuality "1"]

1. g3 e6 2. Bg2 Nf6 3. d3 Bc5 4. Nc3 0-0 5. Bg5 d5 6. e4 dxe4 7. Nxe4 Be7 8. Nxf6+ Bxf6 9. Bxf6 Qxf6 10. c3 e5 11. Ne2 Nc6 12. 0-0 Qh6 13. Qc1 Qxc1 14. Nxc1 Bd7 15. Nb3 Rab8 16. Rfe1 Rfe8 17. Nc5 Bf5 18. Nxb7 Nd8 19. Nxd8 Rbxd8 20. Bc6 Re6 21. Be4 Bxe4 22. dxe4 Rd2 23. Red1 Red6 24. Rxd2 Rxd2 25. Rb1 g6 26. Kf1 Kg7 27. Ke1 Rd6 28. Rd1 Rxd1+ 29. Kxd1 f5 30. Ke2 Kf6 31. Kf3 Kg5 32. h4+ Kh5 33. b4 g5 34. exf5 gxh4 35. gxh4 Kxh4 36. f6 1-0